Introduction to banking / (Record no. 205421)
[ view plain ]
| 000 -LEADER | |
|---|---|
| fixed length control field | 00713nam a2200229Ia 4500 |
| 005 - DATE AND TIME OF LATEST TRANSACTION | |
| control field | 20220209153532.0 |
| 008 - FIXED-LENGTH DATA ELEMENTS--GENERAL INFORMATION | |
| fixed length control field | 210716s2009 xx 000 0 und d |
| 020 ## - INTERNATIONAL STANDARD BOOK NUMBER | |
| International Standard Book Number | 9788174465696 |
| 040 ## - CATALOGING SOURCE | |
| Transcribing agency | AIMIT LIBRARY |
| 041 ## - LANGUAGE CODE | |
| Language code of text/sound track or separate title | eng |
| 082 ## - DEWEY DECIMAL CLASSIFICATION NUMBER | |
| Classification number | 332.12 |
| Edition number | 1 |
| Item number | IYEG |
| 100 ## - MAIN ENTRY--PERSONAL NAME | |
| Personal name | Iyengar, G Vijayaragavan. |
| 9 (RLIN) | 18701 |
| 245 ## - TITLE STATEMENT | |
| Title | Introduction to banking / |
| Statement of responsibility, etc. | By G Vijayaragavan Iyengar. |
| 250 ## - EDITION STATEMENT | |
| Edition statement | 1st ed. |
| 260 ## - PUBLICATION, DISTRIBUTION, ETC. | |
| Place of publication, distribution, etc. | New Delhi : |
| Name of publisher, distributor, etc. | Excel Books , |
| Date of publication, distribution, etc. | 2009. |
| 300 ## - PHYSICAL DESCRIPTION | |
| Extent | xiii,642p. ; |
| Dimensions | 27.4 cm. |
| 650 ## - SUBJECT ADDED ENTRY--TOPICAL TERM | |
| Topical term or geographic name entry element | Banking and Insurance. |
| 9 (RLIN) | 18702 |
| 650 ## - SUBJECT ADDED ENTRY--TOPICAL TERM | |
| Topical term or geographic name entry element | Technology in Banking. |
| 9 (RLIN) | 18708 |
| 650 ## - SUBJECT ADDED ENTRY--TOPICAL TERM | |
| Topical term or geographic name entry element | Operational Risk Management. |
| 9 (RLIN) | 18709 |
| 650 ## - SUBJECT ADDED ENTRY--TOPICAL TERM | |
| Topical term or geographic name entry element | Foreign Exchange. |
| 9 (RLIN) | 18710 |
| 942 ## - ADDED ENTRY ELEMENTS (KOHA) | |
| Source of classification or shelving scheme | Dewey Decimal Classification |
| Koha item type | Book |
| Edition | 1st |
| Call number prefix | 332.12 IYEG |
| Withdrawn status | Lost status | Source of classification or shelving scheme | Damaged status | Not for loan | Collection code | Home library | Current library | Date acquired | Cost, normal purchase price | Inventory number | Total Checkouts | Full call number | Barcode | Date last seen | Cost, replacement price | Price effective from | Koha item type |
|---|---|---|---|---|---|---|---|---|---|---|---|---|---|---|---|---|---|
| Dewey Decimal Classification | MBA | St Aloysius Institute of Management & Information Technology | St Aloysius Institute of Management & Information Technology | 09/13/2010 | 375.00 | Bill no:1121; Bill dt:2010-09-07 | 332.12 IYEG | MBA07987 | 05/23/2026 | 281.25 | 07/16/2021 | Book | |||||
| Dewey Decimal Classification | MBA | St Aloysius Institute of Management & Information Technology | St Aloysius Institute of Management & Information Technology | 09/13/2010 | 375.00 | Bill no:1121; Bill dt:2010-09-07 | 332.12 IYEG | MBA07988 | 05/23/2026 | 281.25 | 07/16/2021 | Book | |||||
| Dewey Decimal Classification | MBA | St Aloysius Institute of Management & Information Technology | St Aloysius Institute of Management & Information Technology | 09/13/2010 | 375.00 | Bill no:1121; Bill dt:2010-09-07 | 332.12 IYEG | MBA07989 | 05/23/2026 | 281.25 | 07/16/2021 | Book | |||||
| Dewey Decimal Classification | MBA | St Aloysius Institute of Management & Information Technology | St Aloysius Institute of Management & Information Technology | 09/13/2010 | 375.00 | Bill no:1121; Bill dt:2010-09-07 | 332.12 IYEG | MBA07990 | 05/23/2026 | 281.25 | 07/16/2021 | Book | |||||
| Dewey Decimal Classification | Reference Book | MBA | St Aloysius Institute of Management & Information Technology | St Aloysius Institute of Management & Information Technology | 09/13/2010 | 375.00 | Bill no:1121; Bill dt:2010-09-07 | 332.12 IYEG | MBA07991 | 07/21/2025 | 281.25 | 07/16/2021 | Book |